Centroamérica y la economía occidental (1520-1930) /

שמור ב:
מידע ביבליוגרפי
מחבר ראשי: Cardoso, Ciro Flamarion Santana
מחברים אחרים: Pérez Brignoli, Héctor
פורמט: Texto
יצא לאור: San José: Editorial UCR
נושאים:
תגים: הוספת תג
אין תגיות, היה/י הראשונ/ה לתייג את הרשומה!

MARC

LEADER 00000 a a2200000 04500
001 16448
003
040
090 |a EXTRAVIADO  
100 |a Cardoso, Ciro Flamarion Santana  
245 |a Centroamérica y la economía occidental (1520-1930) /  |c Ciro Flamarion Santana Cardoso 
260 |a San José:   |b Editorial UCR  
300 |a 382 p.  
650 |a CONDICIONES ECONOMICAS  
700 |a Pérez Brignoli, Héctor  
999 |c 6371  |d 6371